000 00801nam a2200217Ia 4500
999 _c46228
_d46228
001 13061
003 GE_BSU
005 20220926165547.0
008 181216s2014||||ge |||||||||||||| ||geo||
020 _a9789941064371
040 _cGE_BSU
041 _ageo
080 _a636(075.32) გ-61
100 _aგოგოლი, გ.
_914824
245 _aმეცხოველეობა :
_b[სახელმძღვ.] /
_cგ. გოგოლი, ლ. თორთლაძე ; The European Union, UNDP.
264 _aთბილისი :
_bშპს "ჯეო-პრინტი 2010",
_c2014.
300 _a291 გვ.:
_bილ.;
_c29 სმ.
653 _aმეცხოველეობა
700 _aთორთლაძე, ლ.
_eავტორი
_914825
942 _cBK
_2udc